Statistics for League of legend champion Anagrams.

Click here to take the quiz!

General Stats

  • This quiz has been taken 1,599 times
  • The average score is 11 of 13

Answer Stats

HintAnswer% Correct
SayuoYasuo
100%
XajJax
97%
KlitzbankcBlitzcrank
96%
SusanNasus
95%
KimordeaserMordekaiser
95%
RenskarSkarner
91%
GokwunWukong
91%
EmoteTeemo
87%
CartiTaric
78%
SasakindKassadin
77%
VanaiiAnivia
72%
TaraxoAatrox
64%
TarlisaAlistar
62%

Score Distribution

Percentile by Number Answered

Percent of People with Each Score

Your Score History

You have not taken this quiz